000 00500nam a2200169 a 4500
001 3446
005 20140414131853.0
008 060328s19uu xx 00 eng d
020 _a81-7830-180-6
050 _aM 745.54
_bOr4 v.2
245 _aFolding touch /
_cillustrated by Kiran Art Studio.
260 _aNew Delhi :
_bAmit Prakashan.
300 _av. 2, 24 p. : ill. ; cm.
520 _aOrigami the Japanese art of paper folding.
650 _aOrigami
_xJuvenile literature.
999 _c110292
_d110292